History Quiz

Random History or Clickable Quiz

Finish the Martin Luther King, Jr. Quote Quiz Stats

 Plays Quiz Updated Jan 17, 2017

Support Sporcle.
Go Orange.
Score 0/20 Timer 06:00
0 Plays Today
% Correct
Matter
93.4%
Character
93.4%
That
92.4%
Hope
92%
People
91.7%
Bear
91.7%
Everywhere
91.7%
Seek
91.6%
Right
91.2%
Violence
91%
% Correct
Friends
90.9%
Others
89.6%
Controversy
89.5%
Nation
88.9%
Oppressed
88.5%
Staircase
86.4%
Itself
86.3%
Attitude
85.5%
Stupidity
79.3%
Selfishness
78.4%

You're not logged in!

Compare scores with friends on all Sporcle quizzes.
OR
Log In
Forgot?

From the Vault

Coldplay Songs

by MorganStehr

Coldplay have sold over 50 million records, we are guessing you might know one or two of their songs.
Remove Ads.
Support Sporcle.
Get the best of Sporcle when you Go Orange. This ad-free experience offers more features, more stats, and more fun while also helping to support Sporcle. Thank you for becoming a member.

Show Comments

Extras

Top Quizzes Today


Score Distribution

Your Account Isn't Verified!

In order to create a playlist on Sporcle, you need to verify the email address you used during registration. Go to your Sporcle Settings to finish the process.

Report this User

Report this user for behavior that violates our Community Guidelines.

Details: